<?xml version="1.0" encoding="UTF-8"?>
<collection xmlns="http://www.loc.gov/MARC21/slim">
 <record>
  <leader>00849pamaa2200229   4500</leader>
  <controlfield tag="001">0000044106</controlfield>
  <controlfield tag="005">20130626090000.0</controlfield>
  <controlfield tag="008">080902                             eng  </controlfield>
  <datafield tag="020" ind1="0" ind2="0">
   <subfield code="a">9780073355092 </subfield>
  </datafield>
  <datafield tag="090" ind1="0" ind2="0">
   <subfield code="a">PF3117 </subfield>
   <subfield code="b">TSC 2009</subfield>
  </datafield>
  <datafield tag="100" ind1="1" ind2="0">
   <subfield code="a">Tschirner, </subfield>
   <subfield code="d">1956- </subfield>
  </datafield>
  <datafield tag="245" ind1="1" ind2="0">
   <subfield code="a">Kontakte : </subfield>
   <subfield code="b">a communicative approach  </subfield>
   <subfield code="c">Erwin Tschirner, Brigitte Nikolai, Tracy D. Terrell; </subfield>
   <subfield code="f">consultant, Nikolaus Euba.</subfield>
  </datafield>
  <datafield tag="250" ind1="0" ind2="0">
   <subfield code="a">6th ed.</subfield>
  </datafield>
  <datafield tag="260" ind1="0" ind2="0">
   <subfield code="a">Boston: </subfield>
   <subfield code="b">McGraw-Hill Higher Education, </subfield>
   <subfield code="c">2009.</subfield>
  </datafield>
  <datafield tag="300" ind1=" " ind2=" ">
   <subfield code="a">1 v. (various pagings): </subfield>
   <subfield code="b">col. ill., col. maps; </subfield>
   <subfield code="c">29 cm.</subfield>
  </datafield>
  <datafield tag="501" ind1="0" ind2="0">
   <subfield code="a">Library</subfield>
  </datafield>
  <datafield tag="504" ind1="0" ind2="0">
   <subfield code="a">Includes bibliographical references and index</subfield>
  </datafield>
  <datafield tag="650" ind1="0" ind2="0">
   <subfield code="a">German language -- </subfield>
   <subfield code="x">Grammar </subfield>
  </datafield>
  <datafield tag="650" ind1="0" ind2="0">
   <subfield code="a">German language -- </subfield>
   <subfield code="x">Textbooks for foreign speakers -- </subfield>
   <subfield code="x">English </subfield>
  </datafield>
  <datafield tag="700" ind1="1" ind2="1">
   <subfield code="a">Nikolai, </subfield>
   <subfield code="h">Brigitte </subfield>
  </datafield>
  <datafield tag="700" ind1="1" ind2="1">
   <subfield code="a">Terrell, </subfield>
   <subfield code="h">Tracy D. </subfield>
  </datafield>
  <datafield tag="901" ind1=" " ind2=" ">
   <subfield code="u">www.mhhe.com</subfield>
  </datafield>
 </record>
</collection>
